00768 a2200289 4500260001000000630004500010037001000055650003500065100001900100260005100119260001200170260001100182245006600193300001000259650001900269260000900288300001000297100000700307037001000314037001000324037001000334440002600344700004000370700003200410020001800442020001800460 aParis a16 - Logique. Theorie de la connaissance b3, BU a1 - PHILOSOPHIE ET PSYCHOLOGIE aComte, Auguste bEcole des hautes études en sciences sociales bJ. VRIN bMouton aCorrespondance générale et confessions. Tome 5: 1849-1850 a352p. acorrespondance c1982 b23cm. lFr aL1749 aL2775 aL2773 aArchives positivistes aEd., Berrêdo Carneiro, Paulo aEd., Arbousse-Bastide, Paul a2-7132-0787-8 a2-7116-2022-0